000
00274nam a2200109Ia 4500
008
200302s9999 xx 000 0 und d
100
_a
A.R.Day
245
_a
Heating Systems Plant And Control(Usd 137)
260
_b
Black Well Publishing Ltd.
260
_c
2003
300
_a
323
999
_c
4698
_d
4698